Normal view
MARC view
Entry Personal Name
001 - CONTROL NUMBER
- control field: 86105
003 - CONTROL NUMBER IDENTIFIER
- control field: dpl
005 - DATE AND TIME OF LATEST TRANSACTION
- control field: 20251216111050.0
008 - FIXED-LENGTH DATA ELEMENTS
- fixed length control field: 251216|| aca||aabn | a|a d
040 ## - CATALOGING SOURCE
- Original cataloging agency: dpl
- Transcribing agency: dpl
100 ## - HEADING--PERSONAL NAME
- Personal name: Dhakal B, Hari Prabhu
670 ## - SOURCE DATA FOUND
- Source citation: Work cat.: (dpl)213937: Dhakal B, Hari Prabhu, Principles of Sociology and Social Work/, 2021
